000 00912cam a2200265 a 4500
001 143
003 BR-CuiBMT
005 20231110210516.0
008 230821s2022 mgba 000 0 por d
020 _a9786555183580
040 _aBR-CuiBMT
_cBR-CuiBMT
080 _22007
_a351
090 _a351
_bS729c
_c2. ed.
100 1 _aSouza, Kleberson Roberto de
245 1 0 _aComo combater o desperdício no setor público :
_bgestão de riscos na prática /
_cKleberson Roberto de Souza, Franklin Brasil Santos ; prefácio Francisco Eduardo de Holanda Bessa.
250 _a2. ed., rev. ampl. e atual.
260 _aBelo Horizonte :
_bFórum,
_c2022.
300 _a265 p. :
_bil. ;
_c22 cm
504 _aInclui biliografia.
650 _aAdministração pública
650 _aGestão pública
_xRacionamento de recursos
650 _aDireito administrativo
700 1 _aSantos, Franklin Brasil
942 _2udc
_cLV
999 _c143
_d143